000 01792nam0a2200349 4500
001 RU\NLR\bibl\736966
005 20260407110450.0
010 _a5-98457-020-3
_9800
021 _aRU
_b2004-76861
_93790
035 _a(NLR Aleph) 000726883
090 _a737950
_c737950
100 _a20050318d2004 |||y0rusy50 ca
101 0 _arus
102 _aRU
105 _aa |||||||||
200 1 _aПече-трубостроение: тепловые режимы, конструкции, автоматизация и экология
_eМеждународный конгресс
210 _aМ.
_cТеплотехник
_d2004
215 _a278, [1] с.
_cил., цв. ил.
_d29
300 _aВ надзаг.: РосТеплостройМонтаж, Ассоц. пече-трубостроителей и пече-трубопроизводителей России, Акад. инж. наук им. А.М. Прохорова
313 _aЕсть материал о доменных, башенных и нагревательных печах
320 _aБиблиогр. в конце докл.
606 0 _aМеталлургические печи
_jСъезды, совещания и т.п.
_xПроектирование
_91570240
_3RU\NLR\auth\66687964
606 0 _aЗаводские дымовые трубы
_jСъезды, совещания и т.п.
_91049012
_3RU\NLR\auth\66405194
686 1 _aК303-51-02я431
686 1 _aН728я431
711 1 2 _4070
_aМеждународный конгресс по пече- и трубостроению
_f2004
_eМосква
_3RU\NLR\AUTH\8810062298
_9626098
801 0 _aRU
_bNLR
_c20050318
_gPSBO
801 1 _aRU
_bNLR
_c20050318
942 _cBOOK
980 _aNB